000 01329cam a22001814a 4500
005 20250605164204.0
008 250528s ||||||||||||||||||||||||d
035 _a19877
040 _aGR-AtMCL
_bgre
_dGR-AtMCL
_eAACR2
245 1 _aΟργάνωση Λογιστηρίου / Παραστατικά - Λογιστικά Βιβλία - Σχέδιο Λογαριασμών σύμφωνα με το Ε.Γ.Λ.Σ. - Μηχανοργάνωση Λογιστηρίου
260 _bInterbooks,
_c1994
300 _a200
520 _aΕισαγωγή, Γενικές Αρχές Οργάνωσης Λογιστηρίου, Δικαιολογητικά Έγγραφα και Οργάνωση Αυτών, Λογιστικά Βιβλία, Οι Λογαριασμοί από Οργανωτική Άποψη, Μηχανοργάνωση Λογιστηρίου, Το Ανθρώπινο Δυναμικό του Λογιστηρίου και η Εποπτεία του, Χωροθέτηση και Εξοπλισμός του Λογιστηρίου, Πρόσθετες Υποχρεώσεις των Επιχειρήσεων προς το Δημόσιο και η Διεκπεραίωση Αυτών από το Λογιστήριο.
700 1 _aΡοδοσθένους Μαρία
_96027
942 _cBK
999 _c5120
_d5120